Bunisess Research Methods. (Record no. 344917)
[ view plain ]
| 000 -LEADER | |
|---|---|
| fixed length control field | 00432 a2200181 4500 |
| 003 - CONTROL NUMBER IDENTIFIER | |
| control field | OSt |
| 005 - DATE AND TIME OF LATEST TRANSACTION | |
| control field | 20180116182727.0 |
| 008 - FIXED-LENGTH DATA ELEMENTS--GENERAL INFORMATION | |
| fixed length control field | 160428b xxu||||| |||| 00| 0 eng d |
| 020 ## - INTERNATIONAL STANDARD BOOK NUMBER | |
| International Standard Book Number | 139780070620193 |
| 040 ## - CATALOGING SOURCE | |
| Transcribing agency | 0 |
| 100 ## - MAIN ENTRY--PERSONAL NAME | |
| Personal name | Cooper, Donald .R. |
| 110 ## - MAIN ENTRY--CORPORATE NAME | |
| Corporate name or jurisdiction name as entry element | Cooper, Donald .R |
| 245 ## - TITLE STATEMENT | |
| Title | Bunisess Research Methods. |
| 250 ## - EDITION STATEMENT | |
| Edition statement | 9th |
| 260 ## - PUBLICATION, DISTRIBUTION, ETC. | |
| Place of publication, distribution, etc. | New Delhi |
| Date of publication, distribution, etc. | 2008 |
| 300 ## - PHYSICAL DESCRIPTION | |
| Extent | 757 |
| 942 ## - ADDED ENTRY ELEMENTS (KOHA) | |
| Institution code [OBSOLETE] | NBS |
| Koha item type | Book |
| Call number prefix | 658.0072 COO |
| Source of classification or shelving scheme | |
| Withdrawn status | Lost status | Source of classification or shelving scheme | Damaged status | Not for loan | Permanent Location | Current Location | Date acquired | Full call number | Barcode | Date last seen | Price effective from | Koha item type | Public note | Total Checkouts | Date last checked out |
|---|---|---|---|---|---|---|---|---|---|---|---|---|---|---|---|
| Write Off | Central Library (CL) | Central Library (CL) | 08/28/2013 | 658.0072 COO | NBS7787 | 08/28/2013 | 08/28/2013 | Book | Write off File No.0908/IRC/NBS Dated Aug 16, 2018 | ||||||
| Central Library (CL) | Central Library (CL) | 08/28/2013 | 658.0072 COO | NBS7788 | 08/28/2013 | 08/28/2013 | Book | ||||||||
| Central Library (CL) | Central Library (CL) | 08/28/2013 | 658.0072 COO | NBS7789 | 08/28/2013 | 08/28/2013 | Book | ||||||||
| Central Library (CL) | Central Library (CL) | 08/28/2013 | 658.0072 COO | NBS7790 | 08/25/2023 | 08/28/2013 | Book | 2 | 06/19/2014 | ||||||
| Central Library (CL) | Central Library (CL) | 08/28/2013 | 658.0072 COO | NBS7187 | 06/14/2023 | 08/28/2013 | Book |
